000
00255nam a22001097a 4500
008
170117b xxu||||| |||| 00| 0 eng d
020
_a
0070291128
041
_a
eng
080
_a
618.2
245
_a
EXAMINATION OF THE PATIENT
_c
HOBSON, L.B
942
_2
udc
_c
BK
999
_c
2978
_d
2978